Assurances maladie, maternité et invalidité
Saved in:
| Hovedforfatter: | |
|---|---|
| Format: | Bog |
| Sprog: | fransk |
| Udgivet: |
París
Sirey
1961
|
| Serier: | Contrats ou le Droit Pratique
|
| Fag: | |
| Tags: |
Tilføj Tag
Ingen Tags, Vær først til at tagge denne postø!
|
MARC
| LEADER | 00000nam a2200000 a 4500 | ||
|---|---|---|---|
| 001 | UCS2768 | ||
| 003 | CL-VaPUC | ||
| 008 | 970606e19610000FR |||||||||||||||||fre|d | ||
| 082 | 0 | 4 | |a 368.42 |b MEV |2 21 |
| 100 | |a Mevel, Maurice |e autor |9 388569 | ||
| 245 | 1 | 0 | |a Assurances maladie, maternité et invalidité |
| 300 | |a 178 p | ||
| 942 | |c BK | ||
| 945 | |d 19970606 00:00:00 |a lriquelm | ||
| 260 | |a París |b Sirey |c 1961 | ||
| 650 | 0 | |a Seguridad social |9 255322 | |
| 650 | 0 | |a Prestaciones |9 385168 | |
| 650 | 7 | |a PENSIONES |2 CL-VaPUC |9 323807 | |
| 650 | 0 | |a Bienestar social |9 255298 | |
| 650 | 7 | |a MINUSVALIDO FISICOS |2 CL-VaPUC |9 388570 | |
| 651 | 0 | |a Francia |9 255157 | |
| 583 | |a last modification |c 19970606 00:00:00 |k Rodrigo Vera | ||
| 490 | 0 | |a Contrats ou le Droit Pratique | |
| 999 | |c 260704 |d 260702 | ||
| 952 | |0 0 |1 0 |4 0 |6 368_420000000000000_MEV_1961 |7 0 |8 P |9 286989 |a BIBDER |b BIBDER |d 2019-11-19 |i 1864343 |o 368.42 MEV 1961 |p 1864343 |r 2023-01-25 |w 2019-11-19 |y BK |k DER | ||